Sublime Songs - Statistics

General Stats
  • This quiz has been taken 39 times
  • The average score is 26 of 88
Answer Stats
Answer % Correct
Santeria
92%
40oz. to Freedom
85%
Doin' Time
85%
Doin' Time (Eerie Splendor Remix)
85%
Doin' Time (Uptown Dub)
85%
Until the Sun Explodes
85%
Wrong Way
85%
Badfish
69%
Badfish
69%
Caress Me Down
69%
Date Rape
69%
Ensenada
69%
What I Got
69%
What I Got (Reprise)
69%
Jailhouse
62%
Pawn Shop
62%
Smoke Two Joints
62%
Garden Grove
54%
Same in the End
54%
Saw Red
54%
Saw Red
54%
Superstar Punani
46%
Superstar Punani
46%
5446 That's My Number/Ball and Chain
38%
Don't Push
38%
Don't Push
38%
Don't Push
38%
Ebin
38%
Paddle Out
38%
Scarlet Begonias
38%
Seed
38%
The Ballad of Johnny Butt
38%
Waiting for My Ruca
38%
Boss D.J.
31%
Burritos
31%
Chica Me Tipo
31%
Greatest-Hits
31%
KRS-One
31%
Pool Shark
31%
Pool Shark (Acoustic)
31%
What Happened
31%
Get Ready
23%
I Love My Dog
23%
Live at E's
23%
S.T.P.
23%
Under My Voodoo
23%
All You Need
15%
Chick on My Tip
15%
D.J.s
15%
Get Out!
15%
Get Out! (Remix)
15%
Had a DAT
15%
Let's Go Get Stoned
15%
New Song
15%
New Thrash
15%
Rivers of Babylon
15%
Slow Ride
15%
Steppin' Razor
15%
We're Only Gonna Die for Our Arrogance
15%
April 29, 1992 (Miami)
8%
Cisco Kid
8%
Drunk Drivin'
8%
Falling Idols
8%
Hope
8%
New Realization (Demo)
8%
Raleigh Soliloquy Pt. I
8%
Raleigh Soliloquy Pt. II
8%
Raleigh Soliloquy Pt. III
8%
Romeo (Demo)
8%
Trenchtown Rock
8%
Trenchtown Rock
8%
Waiting for Bud
8%
April 29, 1992 (Leary)
0%
April 29, 1992 (Leary)
0%
Free Loop Dub
0%
Freeway Time in L.A. County Jail
0%
Garbage Grove
0%
I Don't Care Too Much for Reggae Dub
0%
Legal Dub
0%
Lincoln Highway Dub
0%
Mary
0%
Q-Ball
0%
Right Back
0%
Steady B Loop Dub
0%
Thanx
0%
Thanx Dub (Instrumental)
0%
What's Really Goin' Wrong
0%
Work That We Do
0%
No matching quizzes found
Score Distribution
Percent of People with Each Score
Percentile by Number Answered
Your Score History
You have not taken this quiz